La enseñanza: su teoría y su práctica /

Guardado en:
Autor Principal: Giméno Sacristán, José
Otros Autores: Pérez Gómez, Angel I.
Formato: Libro
Publicado: España : Akal, 1989
Edición:3a. ed.
Materias:
Etiquetas: Agregar Etiqueta
Sin Etiquetas, Sea el primero en etiquetar este registro!
LEADER 00817nam a22002175a 4500
001 CEM.cems002902
005 19000101000000.0
008 130507s1989##################000#0#####d
003 CEMS
082 0 4 |a 371 
100 1 |a Giméno Sacristán, José 
245 1 0 |a La enseñanza: su teoría y su práctica /  |c José Giméno Sacristán 
250 |a 3a. ed. 
260 |a España :  |b Akal,  |c 1989 
300 |a 480 p. 
505 0 |a Ense¤anza, cultura y sociedad. -La invest. did ctica. -Teor¡a del curr¡culum. -Programaci¢n de la ense¤anza. -Los contenidos del curr¡culum. -Formaci¢n del profesorado. -La evaluaci¢n did ctica.- 
653 |a Curriculum 
653 |a Educacion 
653 |a Enseñanza-teoria de la 
700 1 |a Pérez Gómez, Angel I. 
859 |a CEMS  |b BIB. CEMS - 11 de abril  |h 371  |i G429-2a3  |p 16772.92  |t Ej.1